Basic Electronics for Scientists (Record no. 163670)

MARC details
000 -LEADER
fixed length control field 00429nam a2200181Ia 4500
008 - FIXED-LENGTH DATA ELEMENTS--GENERAL INFORMATION
fixed length control field 240823s9999||||xx |||||||||||||| ||und||
082 ## - DEWEY DECIMAL CLASSIFICATION NUMBER
-- 621.381 N0
100 ## - MAIN ENTRY--PERSONAL NAME
Personal name "Brophy,James J"
245 #0 - TITLE STATEMENT
Title Basic Electronics for Scientists
250 ## - EDITION STATEMENT
Edition statement 5th
260 ## - PUBLICATION, DISTRIBUTION, ETC. (IMPRINT)
Date of publication, distribution, etc 1990
Name of publisher, distributor, etc "MGH,New York"
500 ## - GENERAL NOTE
General note YES
650 ## - SUBJECT ADDED ENTRY--TOPICAL TERM
Topical term or geographic name as entry element Electronics
942 ## - ADDED ENTRY ELEMENTS (KOHA)
Item type Books
Holdings
Withdrawn status Lost status Damaged status Permanent location Current location Date acquired Source of acquisition Cost, normal purchase price Full call number Barcode Date last seen Koha item type
      CENTRAL LIBRARY, NOORUL ISLAM CENTRE FOR HIGHER EDUCATION CENTRAL LIBRARY, NOORUL ISLAM CENTRE FOR HIGHER EDUCATION 05/09/2003 Padma Book Stall 305.00 621.381 N0 1857 08/23/2024 Books
Visitors:
Copyright © 2024 Central Library NICHE.  All rights reserved.